| 000 | 01265cam a2200325 4500 | ||
|---|---|---|---|
| 001 | 13745 | ||
| 005 | 20230411085949.0 | ||
| 008 | 060907n1992 dr spa | ||
| 035 | _9funglode13864 | ||
| 035 | _a(OCoLC)ocm70893953 | ||
| 040 |
_aUBY _cUBY _dOCLCG |
||
| 020 | _a9993431192 | ||
| 020 | _a9789993431190 | ||
| 035 | _a(OCoLC)70893953 | ||
| 049 | _aGRAL | ||
| 100 | 1 |
_aVillegas, Víctor, _d1924- |
|
| 245 | 1 | 0 |
_aDon Mariano Lebrón Saviñón, un hombre de antorchas múltiples / _cVíctor Villegas. |
| 260 |
_a[Santo Domingo] : _bBiblioteca Nacional Pedro Henríquez Ureña, _c[2002] |
||
| 300 |
_a16 p. ; _c22 cm. |
||
| 490 | 1 | _aSerie Biografía | |
| 490 | 1 | _aColección Biblioteca Nacional Pedro Henríquez Ureña | |
| 500 | _aPublished previously as prologue in Lebrón Saviñón's Santo Domingo en la vida de Martí y otros ensayos. | ||
| 600 | 1 | 0 | _aLebrón Saviñón, Mariano. |
| 650 | 0 |
_aAuthors, Dominican _y20th century _vBiography. |
|
| 700 | 1 |
_aLebrón Saviñón, Mariano. _tSanto Domingo en la vida de Martí y otros ensayos. |
|
| 830 | 0 | _aSerie Biografía (Biblioteca Nacional Pedro Henríquez Ureña) | |
| 830 | 0 | _aColección de la Biblioteca Nacional Pedro Henríquez Ureña. | |
| 942 |
_2lcc _cbk |
||
| 994 |
_aC0 _bDRFGD |
||
| 999 |
_c110107 _d110107 |
||